Statistiques concernant Ces films sont-ils inspirés de livres ?

Cliquez ici pour prendre le quiz!

Statistiques générales

  • Ce quiz a été pris 1 295 fois
    (1 262 depuis la dernière actualisation)
  • Le résultat moyen est 11 sur 15

Statistiques - réponses

QuestionRéponse% Correct
Harry PotterInspiré d'un livre
99%
Voyage au centre de la TerreInspiré d'un livre
97%
Bienvenue chez les Ch'tisPas inspiré
97%
AvatarPas inspiré
93%
Nos étoiles contrairesInspiré d'un livre
90%
La Grande VadrouillePas inspiré
89%
Le Dîner de consPas inspiré
86%
La ligne VerteInspiré d'un livre
85%
Star WarsPas inspiré
80%
La La LandPas inspiré
79%
Shutter IslandInspiré d'un livre
56%
Le ParrainInspiré d'un livre
48%
Jurassic ParkInspiré d'un livre
39%
Le fabuleux destin d'Amélie PoulainPas inspiré
38%
IntouchablesInspiré d'un livre
35%

Distribution des résultats

Percentile par nombre de réponses

% des personnes avec chaque résultat

Votre développement - résultats

Vous n’avez pas pris ce quiz depuis la dernière actualisation